000 00733cab a2200193 4500
001 ABS37826
008 090401t1987 xxu||||| |||| 00| 0 eng d
035 _a(Sirsi) u6954
041 _aeng
100 _aBurns, A.
245 _aBuilding defects insurance: the panacea to all ills?
260 _c1987
350 _a0
490 _aChartered Quantity Surveyor
_v9(10) June 1987, 23(1)
520 _aLooks at the pros and cons of building defects insurance for the property developer, outlining the main advantages and disadvantages, availability of insurance, dupication, what the policy covers, whether standards will rise and the possibility of assignment .
690 _aINSURANCE
_96249
942 _n0
948 _c04/03/1997
999 _c4140
_d4140